Shakki: älä anna syödä itseäsi #5 - Äkkikuolema - Statistics

Yleistilastot
  • Tätä visaa on pelattu 28 kertaa
  • Keskiarvotulos 11 / 26
Answers on the Grid
Answers color-coded by a green-red scale on the quiz's grid according to % correct below.
a8
b8
g8
h8
a7
b7
c7
d7
e7
f7
g7
h7
a6
c6
d6
e6
f6
h6
a5
b5
c5
d5
e5
f5
g5
h5
a4
b4
c4
f4
g4
h4
a3
b3
c3
f3
g3
h3
a2
b2
c2
d2
e2
f2
g2
h2
a1
b1
c1
d1
e1
f1
g1
h1
 
Vastaustilastot
Vastaus % Oikein
f4
60%
b1
50%
c2
50%
c4
50%
d1
50%
g8
50%
e1
50%
f2
50%
g1
50%
h2
50%
a2
40%
a4
40%
b3
40%
b5
40%
e2
40%
f1
40%
f7
40%
h7
40%
a7
40%
b8
40%
c1
40%
c7
40%
d2
40%
g3
40%
g5
30%
h4
30%
Ehtoja vastaavia visoja ei löytynyt
Tulosjakauma
Jokaisen tuloksen saaneiden osuus
Persentiili vastausten määrän mukaan
Tuloshistoriasi
Et ole pelannut tätä visaa